[Event "Corus-C"]
[Site "Wijk aan Zee"]
[Date "2005.01.26"]
[Round "10"]
[White "Spoelman, Wouter"]
[Black "Bosboom, Manuel"]
[Result "1-0"]
[WhiteElo "2381"]
[BlackElo "2426"]
[Annotator "Gofshtein,L"]
[PlyCount "61"]
[EventDate "2005.01.15"]
[EventType "tourn"]
[EventRounds "13"]
[EventCountry "NED"]
[EventCategory "7"]
[SourceTitle "CBM 105"]
[Source "ChessBase"]
[SourceDate "2005.04.11"]
[SourceVersion "1"]
[SourceVersionDate "2005.04.11"]
[SourceQuality "1"]

1. e4 c5 2. Nf3 d6 3. d4 cxd4 4. Nxd4 Nf6 5. Nc3 a6 6. Bg5 e6 7. f4 Nbd7 8. Qf3
h6 {Black chooses a relatively rare line. 8...Be7 or 8...Qc7 is more common} (
8... Qc7) 9. Bh4 {The alternative 9.Bf6 brought white success in the next game:
} (9. Bxf6 $5 Nxf6 10. O-O-O Qc7 11. Bd3 e5 12. Nf5 exf4 13. Rhe1 $5 g6 14. e5
dxe5 15. Bb5+ axb5 16. Nxb5 $40 {1-0 Berg,E-Castellanos,R/Mallorca 2004/CBM
104 no vc (30)}) 9... Rg8 $146 {[%mdl 8] A novelty. Black prepares the advance
g7-g5. A usual move in this position is 9...e5. As the variations show black
has a fine counterplay} (9... e5 $5 10. Nf5 (10. Bxf6 Nxf6 11. fxe5 dxe5 12.
Nf5 Bxf5 13. Qxf5 Qa5 14. O-O-O Bb4 15. Nd5 Nxd5 16. Rxd5 Qxa2 17. Qd7+ Kf8
$132 {1-0 Nemeth,M-Vegh,E/Hungary 2002/EXT 2004 (33)}) (10. fxe5 Nxe5 11. Qd1
Be7 12. Be2 Nxe4 13. Bxe7 Nxc3 14. Bxd8 Nxd1 $132 15. Bc7 Nxb2 $17 {1/2-1/2
Radjabov,T-Dominguez,L/Tripoli 2004/CBM 102 (96)}) 10... exf4 11. Bxf6 Nxf6 12.
O-O-O Qa5 13. Bc4 Be6 14. e5 $13 {1-0 Santo Roman,M-Colovic,A/Sautron 2004/EXT
2005 (51)}) (9... Qa5 10. Be2 g5 11. Nb3 Qd8 12. Bg3 gxf4 13. Bxf4 Ne5 14. Bxe5
dxe5 15. Rd1 Bd7 16. O-O Be7 17. Qg3 Qb8 18. Qh4 Nd5 19. Qf2 Nf4 20. Kh1 Qa7
$132 {... (49). 1/2-1/2 Wagner,H-Gutman,L/Mengen 1990/GER (34)}) (9... Qc7 10.
O-O-O b5 11. Bd3 b4 12. Nce2 Bb7 13. Kb1 O-O-O 14. c3 $16 {1-0 Nishimura,
H-Diallo,R/Manila 1992/TD (56)}) 10. O-O-O {10.Bf2 was also possible with the
idea after 10...g5 to reply with 11.g3 not giiving up the e5 square} (10. Bf2
$5 g5 11. g3 Qc7 12. O-O-O) 10... g5 11. fxg5 hxg5 12. Bg3 g4 (12... Qc7 $5)
13. Qf2 Qc7 {Black prepares b7-b5 in order to finish his development} 14. Be2 {
Developing the bishop and connecting rooks} Be7 15. h3 {Trying to open lines
on the kingside. It was interesting to check 15.Rhf1 trying to make use of the
lead in development} (15. Rhf1 $5 b5 16. Bxb5 axb5 17. Ndxb5 Qa5 18. Bxd6 Bxd6
19. Nxd6+ Ke7 20. Ndb5 $1 Rg7 21. e5 $40) 15... gxh3 {15...b5 deserved
attention not opening lines on the kingside} (15... b5 $5) 16. gxh3 b5 {
[%cal Rb5b4]} 17. a3 {A profilactic move headed against the advance b5-b4} Rb8
{Black plays very actively and tries to get counterplay on the queenside
despite the fact that his king is still in the centre} (17... Bb7 $5 18. Bf3
Ne5 $132) 18. Rhf1 {[%cal Rf2f7] In case of 18.h4 black would have also get an
active counterplay} (18. h4 b4 19. axb4 Rxb4 20. h5 Qb6 $132) 18... b4 $5 19.
axb4 Rxb4 {Black activizes his pieces, trying to get an active game} 20. h4 Ne5
{Zaslyzivalo vnimanija nemedlennoe 20...Qb6 crazy atakyja peshky b2} (20... Qb6
$5) 21. h5 {[%cal Rg3h4,Rh4f6] White pushes his pawn forward, also preparing
22.Bh4} (21. Rg1 Rh8) 21... Qb6 {[%cal Rb4b2]} 22. Bh4 $1 {[%cal Rh4f6]
Strengthening the pressure on the black position} (22. Bxe5 dxe5 23. Ndb5 Qxf2
24. Nc7+ Kf8 25. Rxf2 Nxe4 26. Nxe4 Rxe4 $132) 22... Nfg4 {Black tries to
weaken the white pressure by tactical means} 23. Bxg4 Bxh4 24. Qxh4 Rxg4 $6 {
24...Rd4 was stronger exchanging white's strong knight and getting his queen
involved in the game} (24... Rxd4 $5 25. Rxd4 Qxd4 26. Be2 Bb7 27. Qf4 $14) 25.
Qf6 $6 {25.Qf2 deserved a serious attention and because of the dangerous
h-pawn white has the advantage} (25. Qf2 $5 Rxb2 26. h6 Rg6 27. Rh1 $18) 25...
Rxd4 26. Qh8+ Kd7 $4 {[%mdl 8192] A blunder after which black loses at once.
It was essential to play 26...Ke7 with counterplay} (26... Ke7 $8 27. Rxd4 Qxd4
28. Qxc8 Rg1 $132) 27. Rxd4 $18 Rg1 {27...Qd4 also loses} (27... Qxd4 28. Rxf7+
$1 Nxf7 29. Qxd4) 28. Rxg1 Qxd4 29. Qg7 {A material advantage and the passed
h-pawn give white a winning position} Kc6 30. h6 Qe3+ 31. Kb1 1-0

[Event "EU-ch 5th"]
[Site "Antalya"]
[Date "2004.05.24"]
[Round "9"]
[White "Atakisi, Umut"]
[Black "Mazi, Leon"]
[Result "1-0"]
[WhiteElo "2344"]
[BlackElo "2417"]
[Annotator "Gofshtein,L"]
[PlyCount "87"]
[EventDate "2004.05.15"]
[EventType "swiss"]
[EventRounds "13"]
[EventCountry "TUR"]
[SourceTitle "CBM 101"]
[Source "ChessBase"]
[SourceDate "2004.07.27"]
[SourceVersion "1"]
[SourceVersionDate "2004.07.27"]
[SourceQuality "1"]

1. e4 c5 2. Nf3 d6 3. d4 cxd4 4. Nxd4 Nf6 5. Nc3 a6 6. Bg5 e6 7. f4 Nbd7 8. Qf3
Qc7 9. O-O-O b5 10. Bd3 b4 $6 {A hasty move which forces white to force
matters to his favour. Although, in the main line after 10...Bb7 black is also
experiencing serious difficulties as the next game shows, for example:} (10...
Bb7) (10... Bb7 11. Rhe1 O-O-O 12. f5 e5 13. Nb3 Be7 14. a4 $5 $36 {1-0
Kotronias,V-Jobava,B/Batumi 2002/CBM 90}) 11. Nd5 $1 {[%mdl 512] A typical
piece sarifice in this variation, which gives white a strong attack.} exd5 {
If black declines the sacrifice with 11...Qb7 then white has a pleasant choice
between 12.Rhe1 forcing black to take the piece and the more quiet 12.Nf6.} (
11... Qb7 12. Rhe1 (12. Nxf6+ Nxf6 13. Bxf6 gxf6) 12... exd5 13. exd5+ (13. Nc6
$5 $44) 13... Kd8 14. Nc6+ Kc7 15. Re4 $36) 12. exd5 Bb7 {Also after 12...Be7
white has compensation for the sacrificed piece.} (12... Be7 13. Rhe1 (13. Nf5
Kf8 14. Rhe1 Bd8 15. Qg3 Rg8) 13... Kf8 14. Nc6 $36) 13. Rhe1+ Kd8 14. Nc6+ $5
{The strongest move as black is practically forced to exchange his light
squared bishop and to open the position further.} (14. Bf5 Be7 15. Be6 $40 {
1-0 Kavalek,L-Gheorghiu,F/Skopje 1972/EXT 2000 (36)}) (14. Qe2 Kc8 (14... Qc5
$5) 15. Qe8+ Qd8 16. Bxf6 Nxf6 17. Bf5+ Kc7 18. Qxf7+ Kb6 19. a4 $36 {1-0
Jerez Perez,A-Arroyo Izquiano,L/Spain 1998/EXT 2003 (23)}) 14... Bxc6 15. dxc6
Nb8 $146 {A novelty which doesn't bring black any success. In any case white
gets more than enough compensation for the sacrificed piece. Black's weak king
and black's many weaknesses give white a clear edge.} (15... Nc5 16. Bxf6+ gxf6
17. Bc4 Ra7 18. Qd5 Ne6 (18... Qb6 19. Qf5 Be7 20. Bd5 a5 21. Qg4 a4 22. Qg7
$44 {1/2-1/2 Thipsay,P-Ravi,L/Mumbai 2003/CBM 94 (36)}) 19. f5 Ng7 20. Re4 Qb6
21. Bb3 Rc7 22. Ba4 Kc8 23. Qd2 a5 24. Qe2 $44 {1-0 Gruenfeld,Y-Gutman,L/Holon
1986/EXT 97 (38)}) 16. Bxf6+ gxf6 17. Be4 h5 18. Bd5 $5 $16 {Opening the
e-file for the white pieces.} Ra7 19. Qe4 {[%cal Ye4e8,Ye4b4] A double attack,
white threatens mate and attack the b4 pawn at the same time.} Bg7 20. Qxb4 a5
21. Qc4 f5 {[%cal Rg7b2] Black is trying to get some counterplay, and opens
his dark squared bishop.} 22. Re3 {White regroups his pieces to a better
squares.} Na6 23. Bf3 $1 {[%cal Rd1d6,Rd2d5,Rd5f5,Rd5a5] Opening the d-file
for the rook and not letting black to put his knight on c5 also freeing d5 for
the rook or the queen.} Kc8 24. Rde1 {[%cal Re3e8]} Rd8 25. Qd5 $1 {[%cal
Rd5f5] White goes forward with his plan to attack and to take care of the
opponent's weaknesses.} Nc5 26. Qxf5+ Kb8 27. Qd5 $5 {White blacks the d-pawn
in order to supress black from any counterplay.} (27. Qxh5 d5 {[%cal Rc7f4]})
27... Qb6 28. c3 Ne6 {[%cal Re6f4] It's not clear how can black get any real
counterplay since white pieces are totally dominating.} (28... Na4 29. R1e2 $16
) (28... Rc7 29. Bxh5 Rxc6 30. Bxf7 $16) 29. g3 h4 $5 {Black gets rid of the
weakness on h5.} 30. Kb1 $6 {An immideate 30.Kc2 was stronger, moving the king
from the c1-h6 diagonal.} (30. Kc2 $5) 30... hxg3 31. hxg3 Rc7 32. Kc2 Ka7 {
The game gradually equals. White tries to move the black knight from e6 but
black gets the e5 square for the bishop.} 33. f5 $5 Ng5 {By attacking the
bishop black gains a tempi and not letting the white rook to envade to e7. The
drawback of the move is the position of the knight on g5.} (33... Nc5 34. Re7
$16 {[%cal Re7c7,Re7f7]}) 34. Bg2 Rb8 {[%cal Yb6b2]} 35. b3 Be5 {By putting
the bishop on e5 black closes the e-file for white.} 36. Qd2 $1 {[%cal Ye3d3,
Yd3d5,Yd5a5,Re3e5] A strong move, white threatens 37.Re5 and also the retreat
of the queen allows the maneouvre Re3-d3-d5 which strengthens white's position.
} f6 37. Rd3 Qc5 38. Rd5 {[%cal Rc5a3]} Qa3 39. Kb1 {White parries the black's
threats.} Rb6 40. c4 $6 {40.Qe3 deserved attention, not opening the king.} (40.
Qe3 $5) 40... Ra6 $2 {A passive move. Black gives the b-file without a fight.
After 40...Ka6 or 40...Rb4 there is still a long game.} (40... Rb4 41. Re3 Nf7)
(40... Ka6 $5 41. Bf1 Rxb3+ 42. axb3 Qxb3+ 43. Kc1 Bc3) 41. Rb5 $5 {41.Ree5
won immideatly.} (41. Rexe5 $1 dxe5 (41... fxe5 42. Qe3+ Ka8 (42... Rb6 43. Rb5
$18) 43. Qxg5 $18) 42. Rd7 $18) 41... a4 42. Re3 $5 {[%cal Re3b3] Bringing the
rook to the game over the 3rd rank but still 42.Ree5 was simpler.} (42. Rexe5
$1 fxe5 (42... dxe5 43. Qd8 $18) 43. Qe3+ $11 Ka8 44. Qxg5 $18) 42... axb3 43.
Rexb3 $18 Qa4 44. Qe3+ 1-0

[Event "Pardubice op-A"]
[Site "Pardubice"]
[Date "2005.07.24"]
[Round "3"]
[White "Savchenko, Boris"]
[Black "Henrichs, Thomas"]
[Result "1/2-1/2"]
[WhiteElo "2534"]
[BlackElo "2413"]
[Annotator "Gutman,L"]
[PlyCount "103"]
[EventDate "2005.07.22"]
[EventType "swiss"]
[EventRounds "9"]
[EventCountry "CZE"]
[SourceTitle "CBM 107 Extra"]
[Source "ChessBase"]
[SourceDate "2005.09.01"]
[SourceVersion "1"]
[SourceVersionDate "2005.09.01"]
[SourceQuality "1"]

1. e4 c5 2. Nf3 d6 3. d4 cxd4 4. Nxd4 Nf6 5. Nc3 a6 6. Bg5 e6 7. f4 Qc7 8. Bxf6
gxf6 9. f5 Qc5 10. Qd3 Nc6 11. Nb3 Qb6 (11... Qe5 12. fxe6 fxe6 13. O-O-O b5
14. Kb1 Bb7 15. Qe3 Be7 16. Be2 O-O 17. Qh3 {brachte Schwarz nicht genug
Gegenspiel, Kavalek-Chandler, deutsche Bundesliga1982/83.}) 12. O-O-O Bh6+ (
12... Bd7 13. Qh3 O-O-O 14. Bc4 Re8 15. Rhf1 Ne5 16. Be2 Kb8 17. Kb1 Be7 18.
Nd4 {versprach Weiß mehr vom Spiel in Zielinsky-Kopylov, Fernpartie 1991.
Schwarz will versuchen den Läufer nach e5 zu überführen, was in einigen
Rauser-Varianten durchaus positiv ist}) 13. Kb1 Bf4 14. g3 $2 (14. Be2 Be5 15.
Nd2 $5 {stellt das schwarze Vorhaben in Frage, da} Qd4 {durch} 16. Qh3 Qc5 17.
Nc4 {pariert wird}) 14... Be5 15. Bh3 (15. Nd2 Qd4 $5 (15... Nb4 16. Qf3 Qc7
17. Nc4 b5 18. Nxe5 fxe5 19. Bh3) 16. Qf3 Qc5 $11) 15... Bd7 16. Ne2 Rc8 ({
Treibt die Spannung hoch; solider war} 16... O-O-O $5 17. c3 Kb8 18. Nd2 Bc8
19. Bg2 h5 20. Nc4 Qc7 $13) 17. c3 Na5 18. Nxa5 Qxa5 19. Nd4 Ke7 20. Qe3 (20.
Nf3 h5 21. Rd2 {wird durch} Bb5 22. Qe3 Bxc3 23. bxc3 Rxc3 {abgewehrt}) 20...
h5 21. Rd2 Qc5 22. Rhd1 b5 23. Qe2 b4 24. cxb4 Qxb4 25. fxe6 fxe6 26. Nf3 ({
Überlässt Schwarz die Initiative.} 26. Qxa6 $5 Rc5 {war die kritische Folge})
26... Bb5 27. Qe3 Qc5 28. Qxc5 Rxc5 29. Bf1 Bc6 30. Nxe5 dxe5 31. Bxa6 Bxe4+
32. Bd3 Bd5 33. b3 f5 $6 (33... h4 {lag auf der Hand; mit besseren Aussichten
für Schwarz}) 34. Bxf5 exf5 35. Rxd5 Rxd5 36. Rxd5 Ke6 37. Rd2 h4 38. b4 hxg3
39. hxg3 Rh3 40. b5 Rxg3 41. b6 f4 42. Kc2 e4 43. a4 e3 44. b7 Rg8 45. Rd3 Rb8
46. Rb3 e2 47. Kd2 f3 48. Rb1 (48. Ke1 Kd6 49. a5 Kc7 50. a6 Rf8 51. Kf2 Kb8
$11) 48... Kd6 49. a5 Kc7 50. a6 Rd8+ 51. Ke3 Re8+ 52. Kxf3 1/2-1/2

[Event "Nuremberg LGA Cup 8th"]
[Site "Nuremberg"]
[Date "2011.09.10"]
[Round "5"]
[White "Huschenbeth, Niclas"]
[Black "Klein, David"]
[Result "1/2-1/2"]
[WhiteElo "2513"]
[BlackElo "2339"]
[Annotator "Gutman,L"]
[PlyCount "54"]
[EventDate "2011.09.08"]
[EventType "swiss"]
[EventRounds "7"]
[EventCountry "GER"]
[SourceTitle "CBM 144 Extra"]
[Source "ChessBase"]
[SourceDate "2011.10.28"]
[SourceVersion "1"]
[SourceVersionDate "2011.10.28"]
[SourceQuality "1"]

1. e4 c5 2. Nf3 d6 3. d4 cxd4 4. Nxd4 Nf6 5. Nc3 a6 6. Bg5 e6 7. f4 h6 8. Bh4
Qb6 9. a3 Nc6 $5 ({Zu riskant erscheint} 9... Nbd7 10. Bc4 {
Caruana-Vachier-Lagrave, Biel 2011}) 10. Bf2 Qc7 ({Ein Zugeständnis wäre} 10...
Nxd4 $6 11. Bxd4 Qc6 {Nikolic-Mihajlovic, Belgrad 2007} 12. Qd3 Be7 13. Be2 $14
) 11. Qf3 ({Harmlos erscheint} 11. Bd3 Bd7 ({Aber nicht} 11... e5 $6 12. Nde2
Be7 {, Mirza-De Guzman, New Delhi 83, wegen} 13. Nd5 Nxd5 14. exd5 $14) 12. O-O
Be7 13. Kh1 O-O 14. Qe2 Nxd4 15. Bxd4 e5 16. Be3 b5 {Gufeld-Suetin, Lenigrad
1960}) 11... Be7 12. Bd3 ({In Tal-Olafsson, Kandidatenturnier Portoroz-Bled
1959, folgte} 12. O-O-O Bd7 13. g4 {, wonach 13...} Nxd4 $5 14. Rxd4 (14. Bxd4
e5 15. fxe5 dxe5 16. Qg3 Bd6) 14... Rc8 ({Hier ist} 14... e5 {schwächer wegen}
15. Nd5 Nxd5 16. Rc4 Qa5 17. exd5 $14) 15. Bd3 b5 $11 {das Spiel ausgleicht.})
12... Nxd4 $2 ({Eher am Platze ist} 12... Bd7 13. O-O O-O 14. Nb3 b5 $11 {
Lokvenc-Ivkov, Dresden 1959}) 13. Bxd4 e5 14. Be3 $2 ({Es ist kaum zu glauben.
Niclas verpasst} 14. fxe5 dxe5 15. Qg3 $16 {mit klarem Vorteil.}) 14... exf4
15. Qxf4 Be6 16. O-O-O Nd7 17. h4 Bf6 18. Nd5 Bxd5 19. exd5 Be5 20. Qf2 Nf6 ({
Nach} 20... Nc5 21. Kb1 $14 {gefällt die weiße Stellung etwas besser.}) 21. Bb6
$6 ({Mehr war durch} 21. Qf3 h5 22. Rhe1 Ng4 23. Bg5 O-O 24. Bf5 $14 {zu
erreichen.}) 21... Ng4 22. Qg1 Qe7 23. Kb1 O-O 24. Bf5 h5 25. Bxg4 hxg4 26. Qe3
Rae8 27. g3 f5 1/2-1/2